[Event "Wch U20"]
[Site "Baguio"]
[Date "1987.??.??"]
[Round "?"]
[White "Gdanski, Jacek"]
[Black "Norwood, David"]
[Result "0-1"]
[WhiteElo "2400"]
[BlackElo "2405"]

1.e4 g6 2.d4 Bg7 3.Nc3 d6 4.Be3 c6 5.Qd2 b5 6.f4 Nf6 7.Bd3 e5 8.dxe5 dxe5
9.fxe5 Ng4 10.Nf3 Nxe3 11.Qxe3 O-O 12.O-O-O Qe8 13.Qc5 Be6 14.Be2 Qc8 15.Rd6 Re8
16.h4 Bg4 17.h5 Bxh5 18.e6 Rxe6 19.Rxe6 Qxe6 20.Ng5 Qe5 21.Qxe5 Bxe5 22.Nxh7 b4
23.Bxh5 bxc3 24.Bg4 cxb2+ 25.Kb1 f6 26.Be6+ Kg7 27.g4 Na6 28.g5 Rh8 29.gxf6+ Bxf6
30.e5 Bxe5 31.Re1 Bc3 32.Re3 Bd2 33.Rd3 Bc1 34.Rd7+ Kh6 35.Nf6 Nc5 36.Rd6 Rf8
37.Bb3 Rxf6 38.Rxf6 Ne4  0-1

[Event "Bath zt"]
[Site "Bath"]
[Date "1987.??.??"]
[Round "?"]
[White "Le Blancq, Simon"]
[Black "McNab, Colin Anderson"]
[Result "1/2-1/2"]
[WhiteElo "2285"]
[BlackElo "2415"]

1.e4 g6 2.d4 d6 3.Nc3 Bg7 4.Be3 Nf6 5.Qd2 c6 6.Bh6 Bxh6 7.Qxh6 Qa5 8.Bd3 Nbd7
9.Nf3 b6 10.O-O Bb7 11.Rfe1 Qh5 12.Qd2 c5 13.d5 O-O 14.Ne2 Ne5 15.Nxe5 dxe5
16.c4 Ne8 17.Ng3 Qh4 18.Re3 Bc8 19.Qc3 Qf6 20.a4 Qd6 21.h3 Bd7 22.Nf1 Ng7
23.g4 f6 24.Ng3 a6 25.f3 Rab8 26.b3 Rb7 27.h4 Be8 28.Re2 e6 29.Rae1 Kh8 30.Rh2 Re7
31.Kh1 f5 32.h5 f4 33.Ne2 gxh5 34.g5 exd5 35.exd5 Bg6 36.Ng1 Bxd3 37.Qxd3 Nf5
38.Ne2 Qg6 39.Qc3 h4 40.Rg2 Kg8 41.Rg4 Ng3+ 42.Kh2 Rg7 43.Ng1 e4 44.Nh3 exf3
45.Qxf3 Qc2+ 46.Qf2 Qxf2+ 47.Nxf2 f3 48.Rxh4 Ne2 49.Ne4 Rf5 50.Rf1 Nd4 51.Kg3 Rff7
52.Kf2 Kf8 53.Rfh1 Re7 54.Rf4+ Ke8 55.Rh6 Rg6 56.Rh2 Kd7 57.d6 Reg7 58.Nf6+ Kxd6
59.Ne8+ Ke5 60.Rhh4 Rg8 61.Re4+  1/2-1/2

[Event "Berlin op"]
[Site "Berlin-West"]
[Date "1987.??.??"]
[Round "?"]
[White "Fette, Martin"]
[Black "Davies, Nigel R"]
[Result "1/2-1/2"]
[WhiteElo "2305"]
[BlackElo "2460"]

1.e4 d6 2.d4 g6 3.Nc3 Bg7 4.Nf3 Nf6 5.h3 O-O 6.Be3 b6 7.Bc4 e6 8.O-O Bb7
9.d5 exd5 10.exd5 a6 11.a4 Nbd7 12.Nd4 Re8 13.Ba2 Ne4 14.Nxe4 Rxe4 15.c3 Nf6
16.Nc6 Qd7 17.a5 b5 18.Qf3 Rae8 19.Nb4 h5 20.Rad1 Nh7 21.Nc6 Nf6 22.Bd4 Nh7
23.Be3 Nf6 24.Bd4 Nh7 25.Be3  1/2-1/2

[Event "Berlin op"]
[Site "Berlin-West"]
[Date "1987.??.??"]
[Round "?"]
[White "Tolnai, Tibor"]
[Black "Kindermann, Stefan"]
[Result "0-1"]
[WhiteElo "2475"]
[BlackElo "2490"]

1.e4 g6 2.d4 d6 3.Nc3 Bg7 4.Be3 c6 5.Qd2 b5 6.O-O-O Nd7 7.f3 a6 8.Kb1 Qc7
9.h4 h5 10.Nh3 Ngf6 11.Ng5 Bb7 12.f4 Nb6 13.e5 Ng4 14.Nce4 Bc8 15.Bd3 f6
16.Nf3 Nd5 17.exd6 exd6 18.Bf2 O-O 19.Rhe1 Bf5 20.Re2 Rfe8 21.Rde1 Qd7 22.g3 Re7
23.Nc3 Rxe2 24.Rxe2 Bxd3 25.Qxd3 Nxc3+ 26.Qxc3 Re8 27.Qe1 Rxe2 28.Qxe2 Kf7
29.d5 c5 30.b4 Qe7 31.Qxe7+ Kxe7 32.Bg1 cxb4 33.Nd4 f5 34.Nc6+ Kd7 35.Nxb4 Bc3
36.Nxa6 Kc8  0-1

[Event "Brussels blitz"]
[Site "Brussels"]
[Date "1987.??.??"]
[Round "?"]
[White "Tal, Mihail"]
[Black "Ljubojevic, Ljubomir"]
[Result "0-1"]
[WhiteElo "2605"]
[BlackElo "2620"]

1.d4 g6 2.e4 Bg7 3.Nc3 d6 4.Nf3 Bg4 5.Be2 Nc6 6.Ng1 Bd7 7.Be3 e5 8.Nf3 Nf6
9.O-O O-O 10.d5 Ne7 11.Ne1 Ne8 12.Nd3 f5 13.f4 fxe4 14.Nxe4 Nxd5 15.Qd2 Nxe3
16.Qxe3 Bh6 17.Qg3 Bc6 18.Nc3 exf4 19.Nxf4 Ng7 20.Bc4+ Kh8 21.Rae1 Rxf4 22.Rxf4 Nh5
23.Qg4 Bxf4 24.Bd3 Qg5 25.Qh3 Be5 26.Ne4 Bxe4 27.Bxe4 c6 28.Bf3 Rf8 29.Kh1 Rf4
30.Qc8+ Kg7 31.Qxb7+ Rf7 32.Qxc6 Qh4 33.g3 Nxg3+ 34.Kg1 Qg5 35.Qd5 Ne4+ 36.Bg2 Qf4
37.Qxf7+ Kxf7 38.Rf1 Bd4+ 39.Kh1 Nf2+ 40.Kg1 Kg7 41.c3 Ng4+ 42.Kh1 Qxh2+  0-1

[Event "Noviki-B"]
[Site "Budapest"]
[Date "1987.??.??"]
[Round "?"]
[White "Barczay, Laszlo"]
[Black "Davies, Nigel R"]
[Result "1/2-1/2"]
[WhiteElo "2405"]
[BlackElo "2460"]

1.e4 d6 2.d4 g6 3.Nc3 Bg7 4.Be3 a6 5.Qd2 Nd7 6.Nf3 b5 7.a4 b4 8.Nd5 Ngf6
9.Qxb4 Nxe4 10.Qa5 Ra7 11.Nb4 Bb7 12.Bb5 Ra8  1/2-1/2

[Event "Noviki-B"]
[Site "Budapest"]
[Date "1987.??.??"]
[Round "?"]
[White "Barbero, Gerardo F"]
[Black "Bilek, Istvan"]
[Result "1/2-1/2"]
[WhiteElo "2425"]
[BlackElo "2415"]

1.d4 g6 2.e4 Bg7 3.Nc3 d6 4.f4 a6 5.Nf3 b5 6.Bd3 Bb7 7.O-O Nd7 8.e5 c5 9.Be4 Bxe4
10.Nxe4 cxd4 11.exd6 Qb6 12.Re1 e6 13.c3 dxc3+ 14.Be3 Qb7 15.Nxc3 Ngf6 16.Bd4 O-O
17.Qe2 Rac8  1/2-1/2

[Event "Noviki-B"]
[Site "Budapest"]
[Date "1987.??.??"]
[Round "?"]
[White "Szalanczy, Emil"]
[Black "Davies, Nigel R"]
[Result "1/2-1/2"]
[WhiteElo "2385"]
[BlackElo "2460"]

1.e4 d6 2.d4 g6 3.Nc3 Bg7 4.Bg5 Nc6 5.d5 Ne5 6.f4 Nd7 7.Nf3 c6 8.Qd2 cxd5
9.Nxd5 Ngf6 10.Nxf6+ Nxf6 11.Bb5+ Bd7 12.Bxd7+ Qxd7 13.Bxf6 Bxf6 14.e5 dxe5
15.Qxd7+ Kxd7 16.fxe5 Bg7 17.O-O-O+ Kc7 18.Kd2 Rad8+ 19.Ke3 Bh6+ 20.Ke2 a6  1/2-1/2

[Event "Budel zt"]
[Site "Budel"]
[Date "1987.??.??"]
[Round "?"]
[White "Winants, Luc"]
[Black "Todorcevic, Miodrag"]
[Result "1/2-1/2"]
[WhiteElo "2415"]
[BlackElo "2440"]

1.d4 g6 2.e4 Bg7 3.Nc3 d6 4.Bg5 c6 5.Qd2 Nd7 6.f4 b5 7.a3 a6 8.Nf3 Nb6 9.h3 Nf6
10.Bd3 O-O 11.O-O Nc4 12.Bxc4 bxc4 13.Rae1 Rb8 14.e5 dxe5 15.Nxe5 Qc7 16.Nxc4 Be6
17.Ne5 Rxb2 18.Na4 Ra2 19.Nc5 Rxa3 20.Qb4 Rg3 21.Nxe6 fxe6 22.Bxf6 exf6 23.Nd3 h5
24.Rxe6 Kh8 25.Qc4 Qd7 26.Kh2 h4 27.Rxc6 Qf5 28.Qe6 Qxe6 29.Rxe6 Rd8 30.Ra1 Rxd4
31.Raxa6 Rd7 32.Kg1 Kh7 33.Kf2 f5 34.Rad6 Rc7 35.Re2 Kh6 36.Kf1 Ra7 37.Ne5 Ra4
38.c4 Bf8 39.Rd5 Rc3 40.Kf2 Bg7 41.Rd6 Bxe5 42.fxe5 Rcxc4 43.e6 Rf4+ 44.Ke1 Rfe4
45.Rd3 Kg7 46.e7 Kf7 47.Rd6 Rxe2+ 48.Kxe2 Re4+ 49.Kf3 Rxe7 50.Kf4 Re2 51.Kf3 Re6
52.Rd4 g5 53.Rd8 Rc6 54.Ra8 Rc3+ 55.Kf2 Kf6 56.Rg8 Rc2+ 57.Kf3 Rc3+ 58.Kf2 Rc7
59.Kf3 Rd7 60.Kf2 Rg7 61.Ra8 g4 62.hxg4 fxg4 63.Ke3 Kg5 64.Ra5+ Kh6 65.Kf4 g3
66.Ra6+ Kh7 67.Ra5  1/2-1/2

[Event "Budel zt"]
[Site "Budel"]
[Date "1987.??.??"]
[Round "?"]
[White "Van der Wiel, John TH"]
[Black "Todorcevic, Miodrag"]
[Result "0-1"]
[WhiteElo "2590"]
[BlackElo "2440"]

1.e4 g6 2.d4 Bg7 3.Nc3 d6 4.f4 c6 5.Nf3 Bg4 6.Be3 Qb6 7.Qd2 Bxf3 8.gxf3 Nd7
9.Na4 Qc7 10.c4 e6 11.Nc3 Ne7 12.h4 h5 13.O-O-O a6 14.Kb1 b5 15.c5 O-O 16.f5 b4
17.Na4 dxc5 18.dxc5 Rad8 19.fxg6 Nxg6 20.Qxb4 Nde5 21.Be2 Rxd1+ 22.Bxd1 Rb8
23.Qc3 Nxf3 24.Qc2 Qg3 25.Rf1 Nfxh4 26.Bc1 Rb4 27.Qe2 a5 28.Bd2 Rb5 29.Bc2 Qg4
30.Qd3 Ne5 31.Qd8+ Kh7 32.Bc3 Nhg6 33.Qd4 Nf4 34.Rg1 Ne2 35.Rxg4 Nxd4 36.Rh4 Nxc2
37.Kxc2 Kg6 38.Rh1 Bf6 39.b3 Ng4 40.Be1 Bd4 41.Rh3 Bxc5 42.Nxc5 Rxc5+ 43.Rc3 Rxc3+
44.Kxc3 Ne5 45.a4 c5 46.Bf2 Kg5 47.Bxc5 h4 48.Bf2 h3 49.Bg3 Nc6 50.Bh2 Kg4
51.e5 Kf3 52.Kc4 Kg2 53.Bf4 Nb4  0-1

[Event "Buenos Aires BCA"]
[Site "Buenos Aires"]
[Date "1987.??.??"]
[Round "4"]
[White "Rodriguez, Amador"]
[Black "Letelier Martner, Rene"]
[Result "1/2-1/2"]
[WhiteElo "2515"]
[BlackElo "2270"]

1.e4 d6 2.d4 g6 3.Nc3 Bg7 4.Nf3 Nf6 5.h3 O-O 6.Be3 c6 7.a4 a5 8.Be2 Na6 9.O-O Qc7
10.Re1 e5 11.Bf1 Re8 12.Qd2 Nb4 13.Rad1 Bd7 14.Bg5 Rad8 15.Bc4 Bc8 16.Bb3 Na6
17.Bh6 Nh5 18.Be3 exd4 19.Bxd4 Bxd4 20.Nxd4 Nc5 21.Ba2 Qe7 22.Qh6 Qf8 23.Qg5 Qe7
24.Nf3 Qxg5 25.Nxg5 Ne6 26.Nf3 Nf6 27.Re3 Kf8 28.Rde1 Kg7 29.g3 Nc5 30.Kg2 Nfd7
31.Rd1 Nb6 32.Rd4 f6 33.Re1 Be6 34.Bxe6 Nxe6 35.Rdd1 Nc5 36.b3 Kf7 37.h4 h5
38.Re3 Rd7 39.Ne1 d5 40.exd5 Rxe3 41.fxe3 Nxd5 42.Nxd5 Rxd5 43.Rxd5 cxd5
44.Kf3 g5 45.g4 hxg4+ 46.Kxg4 gxh4 47.Ng2 h3 48.Kxh3 Ke6 49.Kg4 Ke5 50.Kf3 Na6
51.Ne1 Nb4 52.Ke2 Ke4 53.c3 Nc6 54.Nd3 b6 55.Nf2+ Ke5 56.Nd3+ Ke4 57.Nf2+  1/2-1/2

[Event "Buenos Aires BCA"]
[Site "Buenos Aires"]
[Date "1987.??.??"]
[Round "9"]
[White "Aparicio, Anibal"]
[Black "Letelier Martner, Rene"]
[Result "1-0"]
[WhiteElo "2335"]
[BlackElo "2270"]

1.e4 d6 2.d4 g6 3.Nc3 Bg7 4.Be3 Nf6 5.h3 c6 6.Qd2 b5 7.Bd3 O-O 8.Nf3 Nbd7
9.e5 Ne8 10.O-O-O dxe5 11.Be4 b4 12.Na4 Qa5 13.Bxc6 Rb8 14.dxe5 Nxe5 15.Nxe5 Bxe5
16.Qd8 Bc7 17.Qxe7 Bb7 18.Bxb7 Rxb7 19.Nc5 Rb8 20.Nd7 Ng7 21.Nxb8 Rxb8 22.Rd7  1-0

[Event "Cannes"]
[Site "Cannes"]
[Date "1987.??.??"]
[Round "?"]
[White "Haik, Aldo"]
[Black "Seret, Jean Luc"]
[Result "0-1"]
[WhiteElo "2470"]
[BlackElo "2380"]

1.d4 g6 2.e4 Bg7 3.Nc3 d6 4.f4 Nf6 5.Nf3 O-O 6.Be3 Nbd7 7.Qd2 c5 8.d5 a6
9.e5 dxe5 10.fxe5 Ng4 11.e6 fxe6 12.dxe6 Nde5 13.Qxd8 Rxd8 14.Bxc5 Bxe6 15.Ng5 Bf5
16.h3 Nf6 17.Be2 h6 18.Nf3 Nd5 19.O-O-O Nxc3 20.bxc3 Rdc8 21.Bd4 Nxf3 22.Bxf3 Bxd4
23.Rxd4 Rxc3 24.Bxb7 Rxc2+ 25.Kd1 Rb8 26.Bd5+ Kg7 27.Bb3 Rxg2 28.Re1 Kf8
29.h4 Rh2 30.Rf4 Rd8+ 31.Kc1 Rc8+ 32.Kd1 Rc6 33.Re3 e5 34.Rb4 e4 35.Rc4 Rd6+
36.Ke1 Rxh4 37.Bc2 Rh1+ 38.Ke2 Bg4+ 39.Kf2 Rd2+ 40.Kg3 Rg1+ 41.Kf4 Rf2+ 42.Kxe4 Bf5+  0-1

[Event "Copenhagen op"]
[Site "Copenhagen"]
[Date "1987.??.??"]
[Round "10"]
[White "Lanc, Alois"]
[Black "Clausen, Steen"]
[Result "0-1"]
[WhiteElo "2495"]
[BlackElo "2270"]

1.e4 d6 2.d4 g6 3.Nc3 Bg7 4.f4 Nf6 5.Nf3 O-O 6.e5 dxe5 7.fxe5 Nd5 8.Bc4 Be6
9.Qe2 Nxc3 10.bxc3 Bxc4 11.Qxc4 Nd7 12.e6 Nb6 13.exf7+ Rxf7 14.Qb3 Qd5 15.Rb1 e6
16.O-O c6 17.a4 Nc4 18.Ba3 Bf8 19.Bxf8 Raxf8 20.Rf2 b6 21.Re1 b5 22.Rfe2 Rxf3
23.gxf3 Qxf3 24.axb5 Rf5 25.Rg2 cxb5 26.Ra1 Kh8 27.Qb1 Qxc3 28.Qc1 Qxd4+
29.Kh1 Ne3 30.Rg3 Rf1+ 31.Qxf1 Nxf1 32.Rxf1 Kg7 33.Rd3 Qe4+ 34.Kg1 h5 35.Ra1 Kh6
36.Rxa7 Qe1+ 37.Kg2 Qe2+ 38.Kg3 Qxc2 39.Raa3 b4 40.Rab3 Qc7+ 41.Kh3 Qc5 42.Re3 e5
43.Re4 Qf2 44.Rbxb4 Qf3+  0-1

[Event "New Delhi"]
[Site "Delhi"]
[Date "1987.??.??"]
[Round "?"]
[White "Thipsay, Praveen Mahadeo"]
[Black "Ravisekhar, Raja"]
[Result "1/2-1/2"]
[WhiteElo "2420"]
[BlackElo "2365"]

1.e4 g6 2.d4 Bg7 3.Nc3 d6 4.Nf3 Nf6 5.Be2 O-O 6.O-O Bg4 7.Be3 Nc6 8.Qd2 e5
9.d5 Ne7 10.Rad1 Bd7 11.Ne1 Ng4 12.Bxg4 Bxg4 13.f3 Bd7 14.f4 Bg4 15.Nf3 f5
16.fxe5 dxe5 17.h3 Bxf3 18.Rxf3 Nc8 19.Bc5 Nd6 20.Rdf1 Qd7 21.Qe2 a6 22.Bxd6 cxd6
23.exf5 gxf5 24.g4 fxg4 25.Rxf8+ Rxf8 26.Rxf8+ Kxf8 27.Qxg4 Qxg4+ 28.hxg4 h6
29.Ne4 Ke7 30.Kg2 Bf6 31.Ng3 Bg5 32.Kf3 Bf4 33.Nf5+ Kd7 34.Ke4 Bg5 35.b3 Bf4
36.c4 b6 37.Nd4 Bc1 38.Ne2 Bd2 39.Kf5 Ke7 40.Ng3 Bf4 41.Ne4 Be3 42.Kg6 Bf4
43.a3 Be3 44.Ng3 Bc1 45.a4 a5 46.Nf5+ Kd7 47.Nxh6 Bxh6 48.Kxh6 e4 49.g5 e3
50.g6 e2 51.g7 e1=Q 52.g8=Q Qe3+ 53.Kh7 Qe5 54.Qg7+ Ke8 55.Kg8 Qf5 56.Qg1 Ke7
57.Qe3+ Kd7 58.Qh6 Ke7  1/2-1/2

[Event "Delmenhorst"]
[Site "Delmenhorst"]
[Date "1987.??.??"]
[Round "?"]
[White "Reeh, Oliver"]
[Black "Rakic, Tomislav"]
[Result "1-0"]
[WhiteElo "2275"]
[BlackElo "2395"]

1.e4 g6 2.d4 Bg7 3.Nc3 d6 4.f4 Nf6 5.Nf3 O-O 6.Bd3 Bg4 7.e5 dxe5 8.dxe5 Nd5
9.h3 Nxc3 10.bxc3 Bf5 11.Be3 Nc6 12.Bxf5 gxf5 13.Qxd8 Rfxd8 14.Nd4 e6 15.g4 fxg4
16.hxg4 Na5 17.Ke2 Nc4 18.Rab1 c5 19.Nf3 b6 20.Ng5 h6 21.Ne4 Kf8 22.Bf2 Rd5
23.Rbg1 Ke7 24.g5 Rh8 25.gxh6 Rxh6 26.Bh4+ Kf8 27.Bf6 Rg6 28.Rxg6 fxg6 29.Rh7 Rd7
30.Ng5 Kg8 31.Bxg7 Rxg7 32.Rh6 Rd7 33.Rxg6+ Kh8 34.Rxe6 Rd2+ 35.Kf3 Rxc2
36.Re7 Rxa2 37.e6 Nd6 38.Rd7  1-0

[Event "Dortmund-B"]
[Site "Dortmund"]
[Date "1987.??.??"]
[Round "?"]
[White "Mainka, Romuald"]
[Black "Konikowski, Jerzy"]
[Result "1/2-1/2"]
[WhiteElo "2355"]
[BlackElo "2400"]

1.e4 g6 2.d4 Bg7 3.Nc3 d6 4.Be3 a6 5.a4 b6 6.Nf3 Bb7 7.Bc4 e6 8.Qe2 Ne7 9.d5 e5
10.a5 O-O 11.axb6 cxb6 12.O-O b5 13.Bd3 Nd7 14.Nd2 f5 15.f3 Nf6 16.Na2 Nh5
17.Nb3 Nf4 18.Qe1 Bc8 19.Qa5 Qd7 20.Qd2 g5 21.Nb4 g4 22.Bxf4 exf4 23.c3 Be5
24.exf5 Nxf5 25.Bxf5 Qxf5 26.Nd4 Qh5 27.Ne6 Rf6 28.fxg4 Qxg4 29.h3 Qh4 30.Rf3 Kh8
31.Raf1 Bxe6 32.dxe6 Rxe6 33.Qd5 Rae8 34.Nxa6 Rg6 35.Qd3 Reg8 36.R1f2 Rg3
37.Kf1 Qg5 38.Qe2 Qg6 39.Qd2 Qb1+ 40.Qe1 Qa2 41.Nb4 Qc4+ 42.Kg1 Rxf3 43.Rxf3 Rg3
44.Qf1 Rg8 45.Rd3 Qe4 46.Rf3 Qc4 47.Qxc4 bxc4 48.Rf2 Kg7 49.Kf1 Kg6 50.Nd5 Rb8
51.Rd2 Rb7 52.Kf2 Kf5 53.Kf3 h5 54.Nb4 Rg7 55.Rd5 h4 56.Nc2 Rg3+ 57.Kf2 Ke4
58.Rd1 f3 59.Re1+ Kf4 60.Ne3 fxg2 61.Nxg2+ Kg5 62.Re3 Kh5 63.Rxg3 hxg3+ 64.Kf3 d5  1/2-1/2

[Event "Dortmund (Women)"]
[Site "Dortmund"]
[Date "1987.??.??"]
[Round "2"]
[White "Ehrke, Anja"]
[Black "Wohlers Armas, Rike"]
[Result "1/2-1/2"]
[WhiteElo "2135"]
[BlackElo "2155"]

1.e4 g6 2.d4 Bg7 3.Nc3 d6 4.f4 Nc6 5.Be3 Nf6 6.Nf3 e6 7.Be2 O-O 8.O-O b6
9.Kh1 Bb7 10.a3 Ne7 11.Bd3 c5 12.e5 Nfd5 13.Nxd5 Nxd5 14.Qe1 Nxe3 15.Qxe3 cxd4
16.Nxd4 dxe5 17.fxe5 Qd5 18.Nf3 Rac8 19.Rae1 Rfd8 20.Qf4 Rd7 21.Re4 Qa5 22.Ra4 Qd5
23.Rd4 Qc6 24.Rc4 Qd5  1/2-1/2

[Event "Dortmund op"]
[Site "Dortmund"]
[Date "1987.??.??"]
[Round "4"]
[White "Tolnai, Tibor"]
[Black "Reeh, Oliver"]
[Result "1-0"]
[WhiteElo "2410"]
[BlackElo "2275"]

1.e4 g6 2.d4 Bg7 3.Nc3 d6 4.Be3 Nf6 5.Qd2 Ng4 6.Bg5 h6 7.Bh4 g5 8.Bg3 e5
9.d5 f5 10.exf5 Bxf5 11.Bd3 Bxd3 12.Qxd3 O-O 13.Ne4 Nf6 14.O-O-O Nxe4 15.Qxe4 Nd7
16.Ne2 Nc5 17.Qg4 Qe8 18.Kb1 Bf6 19.h4 h5 20.Qb4 a5 21.Qd2 g4 22.Rhe1 Qg6
23.f4 Ne4 24.Qd3 Qh7 25.a3 Nxg3 26.Qxg3 Rae8 27.fxe5 Bxe5 28.Qb3 Rf2 29.Nd4 Rxg2
30.Ne6 b5 31.Rxe5 dxe5 32.d6 a4 33.Qc3 cxd6 34.Ng5 Qb7 35.Rxd6 Rg1+ 36.Ka2 Qh1
37.b4 g3 38.Nh3 Qxh3 39.Qc6 Ra1+ 40.Kxa1 Qf1+ 41.Kb2 Qf7 42.Rf6 Qe7 43.Rg6+ Kf7
44.Rxg3 Qe6 45.Qf3+ Qf6 46.Qxh5+ Ke7 47.Qh7+  1-0

[Event "BUL-ch"]
[Site "Elenite"]
[Date "1987.??.??"]
[Round "5"]
[White "Karayannis, Athanasios"]
[Black "Radulov, Ivan"]
[Result "1-0"]
[WhiteElo "2225"]
[BlackElo "2430"]

1.d4 d6 2.e4 g6 3.Nc3 Bg7 4.Bc4 e6 5.Nf3 Ne7 6.h4 d5 7.Bd3 dxe4 8.Nxe4 h6
9.h5 f5 10.Ng3 g5 11.c3 Nd7 12.Qe2 Nf6 13.Ne5 O-O 14.Bxg5 c5 15.dxc5 Qc7
16.Bd2 Qxc5 17.Ng6 Re8 18.Bb5 Nc6 19.Qc4 Qxc4 20.Bxc4 Kh7 21.f3 Bd7 22.O-O-O Rac8
23.Kb1 Na5 24.Bd3 Rcd8 25.Ne5 Nxh5 26.Rxh5 Bxe5 27.Rxh6+ Kg8 28.Bg5 Rc8 29.f4 Bg7
30.Rh2 Ba4 31.Rdh1 Kf7 32.Rh7 Kg6 33.Be2 Rf8 34.Nh5 Bh8 35.Nf6  1-0

[Event "BUL-ch"]
[Site "Elenite"]
[Date "1987.??.??"]
[Round "5"]
[White "Dolmadjan, Arshak"]
[Black "Danailov, Silvio"]
[Result "0-1"]
[WhiteElo "2320"]
[BlackElo "2395"]

1.e4 g6 2.d4 Bg7 3.Nc3 d6 4.Be3 c6 5.h4 Nf6 6.f3 b5 7.Bd3 a6 8.Qd2 Nbd7 9.g4 h6
10.O-O-O Nb6 11.Nh3 Nfd7 12.Kb1 Qc7 13.Rhe1 b4 14.Ne2 c5 15.e5 cxd4 16.Bxd4 dxe5
17.Bg1 Bb7 18.Rf1 a5 19.Ng3 Bc6 20.h5 g5 21.Nf5 Bf8 22.Qe2 e6 23.Ng3 Nd5
24.Ne4 Be7 25.Rfe1 a4 26.Ka1 a3 27.b3 f5 28.gxf5 exf5 29.c4 fxe4 30.cxd5 exd3
31.Qxd3 Bxd5 32.Rc1 Qb7 33.Bd4 exd4  0-1

[Event "Espergaerde"]
[Site "Espergaerde"]
[Date "1987.??.??"]
[Round "4"]
[White "Westerinen, Heikki MJ"]
[Black "Davies, Nigel R"]
[Result "1/2-1/2"]
[WhiteElo "2370"]
[BlackElo "2460"]

1.e4 d6 2.d4 g6 3.Nc3 Bg7 4.Be3 a6 5.a4 Nf6 6.h3 O-O 7.g4 e5 8.dxe5 dxe5
9.Qxd8 Rxd8 10.g5 Ne8 11.Nd5 Be6 12.Bg2 a5 13.O-O-O Nd7 14.Nf3 Bf8 15.b3 Bd6
16.Nd2 Bc5 17.Bxc5 Nxc5 18.Nc4 Nd7 19.h4 Kf8 20.f3 c6 21.Ndb6 Nxb6 22.Nxb6 Rab8
23.Bh3 Rxd1+ 24.Kxd1 Ke7 25.Bxe6 Kxe6  1/2-1/2

[Event "Gausdal zt"]
[Site "Gausdal"]
[Date "1987.??.??"]
[Round "?"]
[White "Arnason, Jon L"]
[Black "Kristiansen, Jens"]
[Result "1-0"]
[WhiteElo "2540"]
[BlackElo "2480"]

1.e4 g6 2.d4 Bg7 3.Nc3 d6 4.f4 Nf6 5.Nf3 c5 6.dxc5 Qa5 7.Bd3 Qxc5 8.Qe2 O-O
9.Be3 Qa5 10.O-O Bg4 11.h3 Bxf3 12.Qxf3 Nc6 13.a3 Nd7 14.Bd2 Qd8 15.Kh1 e6
16.Bc4 a6 17.Ba2 Qc7 18.Rad1 b5 19.Be1 Nb6 20.Qd3 Rad8 21.Bh4 Rd7 22.f5 Ne5
23.Qg3 Re8 24.fxe6 fxe6 25.Bf6 Nbc4 26.Bxg7 Kxg7 27.Qg5 Qd8 28.Qc1 Qb6 29.Rde1 Qd4
30.Qd1 Qc5 31.Bxc4 Qxc4 32.Qd2 Rf8 33.Rxf8 Kxf8 34.Rd1 Kg7 35.Qe3 Rf7 36.Rxd6 Qf1+
37.Qg1 Nc4 38.Rxa6 Qf4 39.Rxe6 Ne3 40.Nd5  1-0

[Event "Gausdal zt"]
[Site "Gausdal"]
[Date "1987.??.??"]
[Round "?"]
[White "Rantanen, Yrjo A"]
[Black "Kristiansen, Jens"]
[Result "0-1"]
[WhiteElo "2385"]
[BlackElo "2480"]

1.e4 g6 2.d4 Bg7 3.Nc3 d6 4.Be3 c6 5.a4 a5 6.h3 Na6 7.Qd2 Nb4 8.Nge2 Nf6
9.g4 h5 10.g5 Nd7 11.Nd1 e5 12.c3 Na6 13.Bg2 O-O 14.O-O d5 15.exd5 cxd5 16.f4 exd4
17.Bxd4 Ndc5 18.Bxg7 Kxg7 19.Nd4 Ne4 20.Bxe4 dxe4 21.Qg2 Qb6 22.Ne3 Qc5 23.f5 Bd7
24.Rf2 Nb4 25.Qxe4 Rae8 26.Ne6+ fxe6 27.cxb4 gxf5 28.bxc5 fxe4 29.Nc4 Rf5
30.Rxf5 exf5 31.Nd6 Re5 32.Nxb7 f4 33.Nxa5 Rxg5+ 34.Kh2 Rxc5 35.Rg1+ Kf6
36.b4 Rc3 37.Rb1 Rxh3+ 38.Kg2 e3 39.b5 f3+ 40.Kg1 Rg3+  0-1

[Event "Young Men"]
[Site "Gausdal"]
[Date "1987.??.??"]
[Round "?"]
[White "Ostergaard, Dan"]
[Black "Hoi, Carsten"]
[Result "0-1"]
[WhiteElo "2345"]
[BlackElo "2365"]

1.e4 g6 2.d4 Bg7 3.Nc3 d6 4.Be3 Nf6 5.f3 O-O 6.Qd2 e5 7.Nge2 exd4 8.Nxd4 Nc6
9.O-O-O Nxd4 10.Bxd4 Be6 11.Nd5 Bxd5 12.exd5 Nd7 13.Bxg7 Kxg7 14.h4 h6 15.g4 Rh8
16.Qc3+ Qf6 17.Qxc7 Nc5 18.Be2 b6 19.Qc6 a6 20.Qxb6 Rab8 21.Qa5 Rhe8 22.g5 Qxb2+
23.Kd2 Qd4+ 24.Kc1 Qf4+ 25.Qd2 Qe5 26.gxh6+ Kh7 27.Qd4 Qxd4 28.Rxd4 Rxe2
29.Rf4 Kxh6 30.Rxf7 Rc8 31.Kd1 Re5 32.c4 Na4  0-1

[Event "Granma zt"]
[Site "Granma"]
[Date "1987.??.??"]
[Round "?"]
[White "Russek, Guil"]
[Black "Nogueiras, Jesus"]
[Result "0-1"]
[WhiteElo "2280"]
[BlackElo "2420"]

1.e4 g6 2.d4 Bg7 3.Nc3 d6 4.Be3 c6 5.a4 a5 6.h3 Na6 7.Nf3 Nf6 8.Be2 Nb4 9.O-O O-O
10.Qd2 Qc7 11.Rad1 Rd8 12.Qc1 Bd7 13.Rfe1 Be8 14.Bg5 b5 15.e5 Nfd5 16.exd6 Rxd6
17.Ne4 Rdd8 18.Bf1 Nb6 19.Ne5 N4d5 20.b3 b4 21.Bh6 Bh8 22.Nc5 Ra7 23.h4 Qc8
24.h5 e6 25.hxg6 hxg6 26.Rd3 f6 27.Ng4 e5 28.Rg3 e4 29.Bf4 f5 30.Ne5 Nxf4
31.Qxf4 Bxe5 32.Qxe5 Rd5 33.Qf6 Qd8 34.Qe6+ Bf7 35.Qxc6 Rd6 36.Qb5 Rxd4 37.Na6 Rd5
38.Qc6 Qd6 39.Qxd6 Rxd6 40.c3 Nd5 41.cxb4 axb4 42.Nc5 Rc6 43.Nxe4 Re7  0-1

[Event "Granma zt"]
[Site "Granma"]
[Date "1987.??.??"]
[Round "?"]
[White "Juarez Flores, Carlos A"]
[Black "Nogueiras, Jesus"]
[Result "1/2-1/2"]
[WhiteElo "2340"]
[BlackElo "2565"]

1.e4 g6 2.d4 Bg7 3.Nc3 d6 4.h3 a6 5.a4 Nf6 6.Nf3 O-O 7.Be3 Nc6 8.d5 Na7 9.Be2 c5
10.dxc6 Nxc6 11.O-O Bd7 12.Qd2 Qa5 13.Ra3 Rfc8 14.Rb3 Nb4 15.Nd1 Nc6 16.Rxb7 Qxd2
17.Nxd2 Nd8  1/2-1/2

[Event "Granma zt"]
[Site "Granma"]
[Date "1987.??.??"]
[Round "?"]
[White "Garcia, Gildardo"]
[Black "Nogueiras, Jesus"]
[Result "0-1"]
[WhiteElo "2445"]
[BlackElo "2565"]

1.e4 g6 2.d4 Bg7 3.Nc3 d6 4.Be2 c6 5.Nf3 b5 6.a3 a6 7.O-O Nd7 8.Be3 e5 9.Qd2 Bb7
10.Rad1 Ngf6 11.Bh6 O-O 12.Bxg7 Kxg7 13.h3 Re8 14.dxe5 dxe5 15.Qe3 Qc7 16.Nh2 Re7
17.Ng4 Ng8 18.h4 Nf8 19.h5 Bc8 20.h6+ Kh8 21.g3 f6 22.Kg2 Bd7 23.Rh1 Ne6
24.Nh2 Ng5 25.Nf3 Nf7 26.Rh2 Rd8 27.Ne1 Bc8 28.Nd3 Ree8 29.Nb1 Ng5 30.Nd2 Qe7
31.Nc5 Nf7 32.b4 f5 33.Rdh1 Nf6 34.Bf3 Qc7 35.Nd3 Nd6 36.Qg5 Qe7 37.Re1 Nf7
38.Qe3 Qd6 39.Rd1 Qc7 40.Rhh1 Qe7 41.Nc5 Qc7 42.Nd3 Re7 43.Rde1 Rde8 44.Bd1 Kg8
45.exf5 Nd5 46.Qc5 Bxf5 47.f3 Nd6 48.Ne4 Nc4 49.a4 Bxe4 50.fxe4 Nc3 51.axb5 cxb5
52.Rhf1 Qxc5 53.Nxc5 Nxd1 54.Rxd1 Ne3+ 55.Kf3 Nxf1 56.Rxf1 Rf8+ 57.Ke2 Rxf1
58.Kxf1 Rc7 59.c4 bxc4 60.Nxa6 c3  0-1

[Event "Graz op"]
[Site "Graz"]
[Date "1987.??.??"]
[Round "2"]
[White "Wiley, Tom E"]
[Black "Hickl, Joerg"]
[Result "0-1"]
[WhiteElo "2250"]
[BlackElo "2455"]

1.e4 g6 2.d4 Bg7 3.Nc3 d6 4.Nge2 c6 5.a4 a5 6.Be3 Na6 7.g3 Nf6 8.h3 O-O 9.Bg2 Nb4
10.O-O e5 11.Qd2 Be6 12.Rad1 Qc7 13.b3 Rfe8 14.f4 Rad8 15.f5 Bc8 16.dxe5 dxe5
17.Qc1 Rxd1 18.Nxd1 b6 19.Nec3 Ba6 20.Rf2 c5 21.g4 c4 22.Rd2 Bf8 23.g5 Nh5
24.Nd5 Nxd5 25.Rxd5 Bb7 26.Rb5 Ng3 27.Bxb6 Qc6 28.Kh2 Nxf5 29.Bxa5 Nd4 30.Rb6 Qd7
31.Ne3 cxb3 32.cxb3 Rc8 33.Qd1 h5 34.Nc4 Bc6 35.Qd3 h4 36.Be1 Qc7 37.Bxh4 Bc5
38.Bg3 Bxb6 39.Bxe5 Qe7 40.Bxd4 Bc7+ 41.Kh1 Qxg5 42.Qe3 Bf4 43.Qf2 Bxa4 44.Bb2 Bxb3
45.Qd4 f6  0-1

[Event "Hamburg-ch"]
[Site "Hamburg"]
[Date "1987.??.??"]
[Round "?"]
[White "Rhodin, Christian"]
[Black "Engelbert, Christoph"]
[Result "0-1"]
[WhiteElo "2295"]
[BlackElo "2230"]

1.e4 g6 2.d4 Bg7 3.Nc3 d6 4.Be2 Nf6 5.Bf4 O-O 6.Qd2 c6 7.h4 h5 8.Nh3 Qa5
9.O-O-O b5 10.e5 b4 11.Nb1 dxe5 12.dxe5 Nd5 13.Bh6 Bxe5 14.Bc4 Bg7 15.Bxg7 Kxg7
16.f3 Bxh3 17.Rxh3 e6 18.Qd4+ Kh7 19.Bxd5 cxd5 20.g4 Nc6 21.Qd3 d4 22.Nd2 Rac8
23.gxh5 Qxh5 24.Ne4 Kg7 25.f4 b3 26.axb3 Rfd8 27.Qd2 Qf5 28.Qg2 Nb4 29.Rd2 Qa5
30.Kd1 Qa1+ 31.Ke2 Rxc2 32.Rxc2 d3+ 33.Rxd3 Nxd3 34.Qg5 Nxf4+ 35.Qxf4 Qd1+
36.Kf2 Qxc2+  0-1

[Event "Jakarta zt"]
[Site "Jakarta"]
[Date "1987.??.??"]
[Round "?"]
[White "Chan Peng Kong"]
[Black "Johansen, Darryl K"]
[Result "0-1"]
[WhiteElo "2260"]
[BlackElo "2410"]

1.d4 g6 2.e4 Bg7 3.Nc3 d6 4.Nge2 Nd7 5.g3 c5 6.Bg2 cxd4 7.Nxd4 Ngf6 8.O-O O-O
9.h3 a6 10.Be3 Nb6 11.Qe2 e5 12.Nb3 Be6 13.Na5 Nbd7 14.Nb3 Rc8 15.Rfd1 Nb6
16.Na5 Qc7 17.Rd2 Nbd7 18.Nb3 b5 19.Rad1 b4 20.Na4 Bc4 21.Qe1 Bb5 22.Rxd6 Bxa4
23.Qxb4 Bb5 24.a4 Bc4 25.Na5 Be6 26.c4 Nb8 27.Rb6 Rfd8 28.Rc1 Nfd7 29.Rb7 Nc6
30.Rxc7 Nxb4 31.Rxc8 Rxc8 32.c5 Nb8 33.Bf1 Bf8 34.Kg2 N8c6 35.Nc4 a5 36.Nb6 Rd8
37.Bb5 f6 38.g4 Be7 39.Nc4 Kg7  0-1

[Event "Kecskemet"]
[Site "Kecskemet"]
[Date "1987.??.??"]
[Round "?"]
[White "Tolnai, Tibor"]
[Black "Varasdy, Imre"]
[Result "0-1"]
[WhiteElo "2410"]
[BlackElo "2325"]

1.e4 g6 2.d4 d6 3.Nc3 Bg7 4.Be3 Nf6 5.Qd2 c6 6.f3 Nbd7 7.O-O-O b5 8.e5 dxe5
9.dxe5 b4 10.exf6 bxc3 11.Qxc3 Bxf6 12.Qxc6 Rb8 13.Bd4 Bxd4 14.Rxd4 Qa5 15.Bc4 O-O
16.Ne2 Ne5 17.Qd5 Nxc4 18.Qxc4 Ba6 19.Qc3 Qxa2 20.b3 Qa3+ 21.Kd2 e5 22.Re4 Rfd8+
23.Ke3 Rbc8 24.Qxe5 Rxc2 25.Nd4 Rxg2 26.Qe7 Qa5 27.b4 Qa3+ 28.Kf4 Rd5 29.h4 Qd3
30.Rhe1 Qd2+ 31.R1e3 Rg1 32.Qe8+ Kg7 33.Ne6+ fxe6 34.Qe7+ Kh6 35.Qf8+ Kh5
36.Rxe6 Rf5+ 37.Qxf5+ gxf5 38.Kxf5 Bc8  0-1